Nba 2k24 Top 30 Highest Rated Players - Statistics

General Stats
  • This quiz has been taken 611 times
  • The average score is 22 of 30
Answer Stats
Rating Player % Correct
98 Nikola Jokic
99%
96 Lebron James
97%
96 Stephen Curry
96%
96 Giannis Antetokounmpo
93%
95 Luka Doncic
93%
96 Joel Embiid
91%
96 Kevin Durant
89%
95 Jayson Tatum
83%
93 Anthony Davis
81%
93 Shai Gilgeous-Alexander
81%
94 Damian Lillard
80%
94 Devin Booker
80%
94 Kawhi Leonard
79%
90 Kyrie Irving
79%
89 James Harden
78%
89 Jaylen Brown
78%
89 Paul George
75%
95 Jimmy Butler
74%
88 Anthony Edwards
72%
92 Donovan Mitchell
68%
89 Trae Young
66%
88 Jalen Brunson
64%
92 Ja Morant
63%
88 De'Aaron Fox
62%
88 Jamal Murray
62%
88 Tyrese Haliburton
60%
87 Domantas Sabonis
57%
87 Bam Adebayo
56%
90 Zion Williamson
52%
87 Jrue Holiday
42%
No matching quizzes found
Score Distribution
Percent of People with Each Score
Percentile by Number Answered
Your Score History
You have not taken this quiz